[Event "Vienna Advent op"]
[Site "Vienna"]
[Date "2024.12.13"]
[Round "5"]
[White "Kundianok, Vladislav"]
[Black "Stanec, Nikolaus"]
[Result "0-1"]
[WhiteElo "2377"]
[BlackElo "2470"]
[PlyCount "110"]
[EventDate "2024.12.09"]
[EventType "swiss"]
[EventRounds "7"]
[EventCountry "AUT"]
[SourceTitle "CB04_2025"]
[SourceDate "2025.01.22"]
[SourceVersion "1"]
[SourceVersionDate "2025.01.22"]
[SourceQuality "1"]

1. d4 d5 2. c4 c6 3. Nc3 Nf6 4. Nf3 dxc4 5. a4 Bf5 6. Ne5 Nbd7 7. Nxc4 Nb6 8. Ne5 a5 9. f3 Nfd7 10. Nxd7 Nxd7 11. e4 Bg6 12. Be3 e5 13. dxe5 Nxe5 14. f4 Qxd1+ 15. Rxd1 Nd7 16. Be2 f6 17. Bc4 Bb4 18. 0-0 Rd8 19. Rf2 Bc5 20. Re1 Bf7 21. Bxf7+ Kxf7 22. e5 Bxe3 23. Rxe3 Nc5 24. Rfe2 Rhe8 25. g3 Rd4 26. Kg2 fxe5 27. fxe5 Ke6 28. Rc2 Rd3 29. Re1 Nb3 30. Ne4 h6 31. Rf2 Re7 32. Ree2 Rd5 33. Re3 Nc5 34. Nxc5+ Rxc5 35. Rfe2 Rf7 36. Rd3 Rxe5 37. Red2 Rd5 38. Re3+ Kd6 39. Rde2 Rd4 40. b3 Kc5 41. Re7 Rxe7 42. Rxe7 b5 43. axb5 cxb5 44. Rxg7 Kb4 45. h4 Kxb3 46. Rg6 a4 47. Rxh6 a3 48. Rf6 a2 49. Rf1 b4 50. h5 Ka3 51. h6 Rd6 52. Rh1 Rxh6 53. Rxh6 a1Q 54. Ra6+ Kb2 55. Rxa1 Kxa1 0-1

[Event "AUT-chT2O 2425"]
[Site "Austria"]
[Date "2024.10.13"]
[Round "3.1"]
[White "Sadilek, Peter"]
[Black "Stanec, Nikolaus"]
[Result "1-0"]
[WhiteElo "2267"]
[BlackElo "2486"]
[PlyCount "57"]
[EventDate "2024.10.11"]
[EventType "team-tourn"]
[EventRounds "11"]
[EventCountry "AUT"]
[SourceTitle "CB42_2024"]
[Source "ChessBase"]
[SourceDate "2024.10.16"]
[SourceVersion "1"]
[SourceVersionDate "2024.10.16"]
[SourceQuality "1"]
[WhiteTeam "Tschaturanga"]
[BlackTeam "Donaustadt"]
[WhiteTeamCountry "AUT"]
[BlackTeamCountry "AUT"]

1. d4 Nf6 2. c4 g6 3. Nc3 Bg7 4. e4 d6 5. Be2 Nbd7 6. Nf3 e5 7. 0-0 0-0 8. d5 a5 9. Bg5 h6 10. Be3 Ng4 11. Bc1 f5 12. g3 Ngf6 13. Nh4 Nxe4 14. Nxe4 fxe4 15. Nxg6 Rf7 16. Bg4 Qf6 17. Nh4 Nc5 18. Be3 b6 19. Bxc8 Rxc8 20. Qg4 Rcf8 21. f3 Nd3 22. fxe4 Qxf1+ 23. Rxf1 Rxf1+ 24. Kg2 h5 25. Qe6+ R8f7 26. Nf5 R1xf5 27. exf5 Nxb2 28. Bg5 Nxc4 29. f6 1-0

[Event "AUT-chT2O 2425"]
[Site "Austria"]
[Date "2024.10.11"]
[Round "1.1"]
[White "Hirneise, Jens"]
[Black "Stanec, Nikolaus"]
[Result "1-0"]
[WhiteElo "2328"]
[BlackElo "2486"]
[PlyCount "80"]
[EventDate "2024.10.11"]
[EventType "team-tourn"]
[EventRounds "11"]
[EventCountry "AUT"]
[SourceTitle "CB42_2024"]
[Source "ChessBase"]
[SourceDate "2024.10.16"]
[SourceVersion "1"]
[SourceVersionDate "2024.10.16"]
[SourceQuality "1"]
[WhiteTeam "Ottakring"]
[BlackTeam "Donaustadt"]
[WhiteTeamCountry "AUT"]
[BlackTeamCountry "AUT"]

1. e4 c5 2. Nf3 Nc6 3. d4 cxd4 4. Nxd4 Nf6 5. Nc3 d6 6. Bg5 e6 7. Qd2 a6 8. Nxc6 bxc6 9. Bc4 h6 10. Bh4 Be7 11. 0-0-0 0-0 12. Bxf6 Bxf6 13. Qxd6 Qb6 14. Qg3 a5 15. e5 Be7 16. Na4 Qa7 17. Rd3 Rd8 18. Rxd8+ Bxd8 19. Rd1 Bd7 20. Nc3 c5 21. Ne4 Bc6 22. Nf6+ Kf8 23. Nh5 g6 24. Qe3 Bg5 25. f4 Be7 26. Nf6 Kg7 27. g4 Rd8 28. Rxd8 Bxd8 29. g5 h5 30. b3 a4 31. Kb1 axb3 32. axb3 Qa3 33. f5 gxf5 34. Nxh5+ Kg6 35. Nf4+ Kg7 36. g6 Bd7 37. Qg3 Qa5 38. gxf7+ Kxf7 39. Qg6+ Kf8 40. Qh6+ Kg8 1-0

[Event "Vienna State-ch"]
[Site "Vienna"]
[Date "2024.09.11"]
[Round "5"]
[White "Stanec, Nikolaus"]
[Black "Steindl, Johannes"]
[Result "1-0"]
[WhiteElo "2491"]
[BlackElo "2252"]
[PlyCount "53"]
[EventDate "2024.09.07"]
[EventType "tourn"]
[EventRounds "9"]
[EventCountry "AUT"]
[EventCategory "4"]
[SourceTitle "EXT 2025"]
[Source "ChessBase"]
[SourceDate "2024.10.14"]
[SourceVersion "1"]
[SourceVersionDate "2024.10.14"]
[SourceQuality "1"]

1. Nf3 Nf6 2. c4 g6 3. b3 Bg7 4. Bb2 0-0 5. g3 d6 6. d4 c5 7. Bg2 d5 8. dxc5 dxc4 9. 0-0 Qa5 10. Nbd2 c3 11. Nc4 Qxc5 12. Bxc3 Nc6 13. Rc1 Qh5 14. Qc2 Bh3 15. Nce5 Nd5 16. Bxh3 Qxh3 17. Ba1 Rac8 18. Nxc6 Rxc6 19. Qd2 Rd6 20. Bxg7 Kxg7 21. Qd4+ Nf6 22. Qxa7 Ng4 23. Qxb7 Rf6 24. Rc4 h5 25. Rf4 Re6 26. Re1 Rd8 27. Rxf7+ 1-0

[Event "Vienna State-ch"]
[Site "Vienna"]
[Date "2024.09.10"]
[Round "4"]
[White "Kundianok, Vladislav"]
[Black "Stanec, Nikolaus"]
[Result "1/2-1/2"]
[WhiteElo "2315"]
[BlackElo "2491"]
[PlyCount "84"]
[EventDate "2024.09.07"]
[EventType "tourn"]
[EventRounds "9"]
[EventCountry "AUT"]
[EventCategory "4"]
[SourceTitle "EXT 2025"]
[Source "ChessBase"]
[SourceDate "2024.10.14"]
[SourceVersion "1"]
[SourceVersionDate "2024.10.14"]
[SourceQuality "1"]

1. d4 Nf6 2. c4 g6 3. Nc3 Bg7 4. e4 d6 5. Be2 Nbd7 6. Nf3 e5 7. 0-0 0-0 8. Be3 Ng4 9. Bg5 f6 10. Bd2 Nh6 11. Qc2 Nf7 12. Be3 c6 13. b4 Kh8 14. Rad1 Qe7 15. Rfe1 Bh6 16. Bxh6 Nxh6 17. c5 dxc5 18. dxc5 Nf7 19. Bc4 Re8 20. Qb3 Kg7 21. Bxf7 Qxf7 22. Nd2 Nf8 23. Qxf7+ Kxf7 24. Nc4 Ke7 25. Rd6 Rd8 26. Red1 Rxd6 27. Rxd6 Ne6 28. Na5 Nd8 29. b5 Bd7 30. g3 Rc8 31. f3 Be6 32. bxc6 bxc6 33. Rd2 Rc7 34. Rb2 Bf7 35. Kf2 Ne6 36. Na4 Nd4 37. Ke3 Be6 38. f4 g5 39. Nc3 Bf7 40. Nb3 gxf4+ 41. gxf4 Ne6 42. fxe5 fxe5 1/2-1/2

[Event "Vienna State-ch"]
[Site "Vienna"]
[Date "2024.09.07"]
[Round "1"]
[White "Balinov, Ilia"]
[Black "Stanec, Nikolaus"]
[Result "1/2-1/2"]
[WhiteElo "2363"]
[BlackElo "2491"]
[PlyCount "26"]
[EventDate "2024.09.07"]
[EventType "tourn"]
[EventRounds "9"]
[EventCountry "AUT"]
[EventCategory "4"]
[SourceTitle "EXT 2025"]
[Source "ChessBase"]
[SourceDate "2024.10.14"]
[SourceVersion "1"]
[SourceVersionDate "2024.10.14"]
[SourceQuality "1"]

1. Nf3 d5 2. g3 Nf6 3. Bg2 c6 4. 0-0 Bg4 5. d4 e6 6. Nbd2 Be7 7. Re1 Nbd7 8. c3 0-0 9. Qb3 Qb6 10. e4 Nxe4 11. Nxe4 dxe4 12. Rxe4 Bf5 13. Re1 h6 1/2-1/2

[Event "Innsbruck op"]
[Site "Innsbruck"]
[Date "2024.08.24"]
[Round "1"]
[White "Stanec, Nikolaus"]
[Black "Grosse, Christian"]
[Result "1-0"]
[WhiteElo "2492"]
[BlackElo "2055"]
[PlyCount "61"]
[EventDate "2024.08.24"]
[EventType "swiss"]
[EventRounds "9"]
[EventCountry "AUT"]
[SourceTitle "CBM 221 Extra"]
[Source "ChessBase"]
[SourceDate "2024.09.30"]
[SourceVersion "1"]
[SourceVersionDate "2024.09.30"]
[SourceQuality "1"]

1. c4 Nf6 2. Nc3 g6 3. g3 Bg7 4. Bg2 0-0 5. d4 d6 6. Nf3 Nbd7 7. 0-0 e5 8. h3 Qe7 9. Be3 c6 10. Rc1 Nh5 11. g4 Nf4 12. Bxf4 exf4 13. Qd3 Re8 14. Rce1 Nf8 15. e3 fxe3 16. fxe3 f5 17. gxf5 Bxf5 18. e4 Bd7 19. Qd2 h6 20. e5 Bf5 21. e6 d5 22. cxd5 cxd5 23. Nxd5 Qd6 24. Nh4 Nxe6 25. Rxf5 gxf5 26. Nxf5 Qd8 27. Nxh6+ Bxh6 28. Qxh6 Ng7 29. Rxe8+ Nxe8 30. Ne7+ Kf7 31. Bd5+ 1-0

[Event "AUT-chT2O 2324"]
[Site "Austria"]
[Date "2024.04.21"]
[Round "11.1"]
[White "Grimm, Daniel"]
[Black "Stanec, Nikolaus"]
[Result "1/2-1/2"]
[WhiteElo "2301"]
[BlackElo "2469"]
[PlyCount "22"]
[EventDate "2023.10.13"]
[EventType "team-tourn"]
[EventRounds "11"]
[EventCountry "AUT"]
[SourceTitle "EXT 2025"]
[Source "ChessBase"]
[SourceDate "2024.10.14"]
[SourceVersion "1"]
[SourceVersionDate "2024.10.14"]
[SourceQuality "1"]
[WhiteTeam "Bad Voeslau"]
[BlackTeam "Donaustadt"]
[WhiteTeamCountry "AUT"]
[BlackTeamCountry "AUT"]

1. e4 g6 2. d4 Bg7 3. c4 d6 4. Nc3 Nf6 5. f3 0-0 6. Be3 e5 7. d5 c6 8. Qd2 a6 9. 0-0-0 Qa5 10. Kb1 c5 11. h4 b5 1/2-1/2

[Event "Vienna Advent op"]
[Site "Vienna"]
[Date "2023.12.13"]
[Round "3"]
[White "Fuchs, Patrick1"]
[Black "Stanec, Nikolaus"]
[Result "0-1"]
[WhiteElo "2116"]
[BlackElo "2472"]
[PlyCount "86"]
[EventDate "2023.12.11"]
[EventType "swiss"]
[EventRounds "7"]
[EventCountry "AUT"]
[SourceTitle "CBM 217 Extra"]
[Source "ChessBase"]
[SourceDate "2024.01.31"]
[SourceVersion "1"]
[SourceVersionDate "2024.01.31"]
[SourceQuality "1"]

1. e4 g6 2. d4 Bg7 3. Nf3 d6 4. Bc4 e6 5. 0-0 Ne7 6. c3 b6 7. Re1 0-0 8. Nbd2 Bb7 9. Bb3 Nd7 10. Nf1 h6 11. Ng3 Kh7 12. h4 Nf6 13. Qd3 Kh8 14. Bf4 Ng4 15. Rad1 Qe8 16. Bc1 Nc6 17. d5 Nce5 18. Nxe5 Nxe5 19. Qe2 Qe7 20. h5 Qh4 21. dxe6 fxe6 22. Bxe6 Rf6 23. Bh3 Raf8 24. Rf1 Nf3+ 25. gxf3 Qxh3 26. f4 Rxf4 27. Bxf4 Rxf4 28. Rfe1 Be5 29. Qf1 Qh4 30. Qg2 Rg4 31. Rd3 gxh5 32. Qf3 Bf4 33. c4 Qg5 34. Kf1 h4 35. Nf5 Be5 36. b3 Rf4 37. Qh3 Bxe4 38. Rxe4 Rxe4 39. Rf3 Qc1+ 40. Kg2 Re1 41. Re3 Rg1+ 42. Kf3 Qd1+ 43. Ke4 Rg4+ 0-1

[Event "AUT-chT2O 2324"]
[Site "Austria"]
[Date "2023.11.05"]
[Round "5.1"]
[White "Fodor, Balazs"]
[Black "Stanec, Nikolaus"]
[Result "0-1"]
[WhiteElo "2179"]
[BlackElo "2469"]
[PlyCount "58"]
[EventDate "2023.10.13"]
[EventType "team-tourn"]
[EventRounds "11"]
[EventCountry "AUT"]
[SourceTitle "EXT 2025"]
[Source "ChessBase"]
[SourceDate "2024.10.14"]
[SourceVersion "1"]
[SourceVersionDate "2024.10.14"]
[SourceQuality "1"]
[WhiteTeam "Krems Voest"]
[BlackTeam "Donaustadt"]
[WhiteTeamCountry "AUT"]
[BlackTeamCountry "AUT"]

1. d4 Nf6 2. c4 e6 3. Nc3 Bb4 4. e3 b6 5. Nge2 0-0 6. a3 Be7 7. d5 Ba6 8. b3 exd5 9. cxd5 Bd6 10. g3 Be5 11. Bb2 c6 12. Qd2 cxd5 13. Bg2 Nc6 14. Nxd5 Nxd5 15. Bxd5 Qf6 16. Bxe5 Nxe5 17. 0-0 Rac8 18. Rac1 Rxc1 19. Rxc1 Qd6 20. Rd1 Qxa3 21. Nf4 Rc8 22. Kg2 Bb5 23. Qd4 Qe7 24. Ra1 d6 25. Qb4 Be8 26. Ra6 Ng4 27. Bf3 Nf6 28. Qa3 Rc7 29. h3 Bb5 0-1

[Event "AUT-chT2O 2324"]
[Site "Austria"]
[Date "2023.11.04"]
[Round "4.1"]
[White "Stanec, Nikolaus"]
[Black "Polak, Tomas"]
[Result "1/2-1/2"]
[WhiteElo "2469"]
[BlackElo "2517"]
[PlyCount "35"]
[EventDate "2023.10.13"]
[EventType "team-tourn"]
[EventRounds "11"]
[EventCountry "AUT"]
[SourceTitle "EXT 2025"]
[Source "ChessBase"]
[SourceDate "2024.10.14"]
[SourceVersion "1"]
[SourceVersionDate "2024.10.14"]
[SourceQuality "1"]
[WhiteTeam "Donaustadt"]
[BlackTeam "Hietzing"]
[WhiteTeamCountry "AUT"]
[BlackTeamCountry "AUT"]

1. d4 Nf6 2. Nf3 e6 3. e3 b6 4. Bd3 Bb7 5. 0-0 c5 6. Nbd2 Be7 7. dxc5 bxc5 8. e4 d5 9. exd5 exd5 10. Re1 0-0 11. b3 Nc6 12. Bb2 Qb6 13. Ne5 Nxe5 14. Bxe5 Rfe8 15. Rb1 Bf8 16. Qf3 Ne4 17. Bxe4 dxe4 18. Qg3 1/2-1/2

[Event "AUT-chT2O 2324"]
[Site "Austria"]
[Date "2023.10.13"]
[Round "1.1"]
[White "Stanec, Nikolaus"]
[Black "Gschiel, Alexander"]
[Result "1-0"]
[WhiteElo "2469"]
[BlackElo "2253"]
[PlyCount "73"]
[EventDate "2023.10.13"]
[EventType "team-tourn"]
[EventRounds "11"]
[EventCountry "AUT"]
[SourceTitle "EXT 2025"]
[Source "ChessBase"]
[SourceDate "2024.10.14"]
[SourceVersion "1"]
[SourceVersionDate "2024.10.14"]
[SourceQuality "1"]
[WhiteTeam "Donaustadt"]
[BlackTeam "Pamhagen"]
[WhiteTeamCountry "AUT"]
[BlackTeamCountry "AUT"]

1. d4 d5 2. c4 e6 3. Nc3 Nf6 4. cxd5 exd5 5. Bg5 Be7 6. e3 0-0 7. Bd3 h6 8. Bh4 Re8 9. Nge2 Nbd7 10. 0-0 c6 11. f3 b5 12. Bf2 Bb7 13. Kh1 b4 14. Na4 c5 15. Nxc5 Nxc5 16. dxc5 Bxc5 17. Nd4 Qb6 18. Rc1 Rac8 19. Qa4 g6 20. Rc2 Bxd4 21. Rxc8 Rxc8 22. exd4 a5 23. Re1 Ba6 24. Bb1 Kg7 25. Qd1 Qc6 26. Qd2 Re8 27. Be3 h5 28. Kg1 Qc7 29. h3 Kh7 30. Bg5 Rxe1+ 31. Qxe1 Qd6 32. Qh4 Kg7 33. Bf4 Qc6 34. Be5 Qc1+ 35. Kh2 g5 36. Qxh5 Kg8 37. Qh6 1-0

[Event "AUT-ch Seniors 50"]
[Site "Vienna"]
[Date "2023.05.18"]
[Round "4"]
[White "Bawart, Markus"]
[Black "Stanec, Nikolaus"]
[Result "1/2-1/2"]
[WhiteElo "2353"]
[BlackElo "2453"]
[PlyCount "52"]
[EventDate "2023.05.15"]
[EventType "swiss"]
[EventRounds "7"]
[EventCountry "AUT"]
[SourceTitle "CBM 214 Extra"]
[Source "ChessBase"]
[SourceDate "2023.07.31"]
[SourceVersion "1"]
[SourceVersionDate "2023.07.31"]
[SourceQuality "1"]

1. d4 Nf6 2. Nf3 d6 3. h3 g6 4. e3 Bg7 5. Be2 c5 6. 0-0 0-0 7. c3 b6 8. a4 a6 9. Na3 Bb7 10. Bd2 Nbd7 11. Qb1 Ne4 12. Be1 d5 13. b4 c4 14. b5 a5 15. Qb2 Qc7 16. Nd2 f5 17. Nxe4 fxe4 18. f4 Rae8 19. Bg3 Nf6 20. Kh2 Qd7 21. Rf2 Bc8 22. Raf1 Kh8 23. Bh4 Qc7 24. g4 Ng8 25. Bg3 Qd8 26. Nb1 Bd7 1/2-1/2

[Event "AUT-chT2O 2223"]
[Site "Austria"]
[Date "2023.02.19"]
[Round "9"]
[White "Mikes, Jan"]
[Black "Stanec, Nikolaus"]
[Result "1/2-1/2"]
[WhiteElo "2357"]
[BlackElo "2465"]
[PlyCount "34"]
[EventDate "2022.10.15"]
[EventType "team-tourn"]
[EventRounds "11"]
[EventCountry "AUT"]
[SourceTitle "CBM 213 Extra"]
[Source "ChessBase"]
[SourceDate "2023.05.31"]
[SourceVersion "1"]
[SourceVersionDate "2023.05.31"]
[SourceQuality "1"]
[WhiteTeam "Mistelbach/Altlichtenwarth"]
[BlackTeam "Donaustadt"]
[WhiteTeamCountry "AUT"]
[BlackTeamCountry "AUT"]

1. e4 c6 2. d4 d5 3. f3 e6 4. Nc3 Bb4 5. Bf4 Ne7 6. Nge2 dxe4 7. fxe4 Ng6 8. Bg3 e5 9. dxe5 Qe7 10. a3 Ba5 11. Qd6 Bc7 12. Qxe7+ Kxe7 13. e6 Bxg3+ 14. Nxg3 Bxe6 15. Nf5+ Bxf5 16. exf5 Ne5 17. 0-0-0 Nbd7 1/2-1/2

[Event "AUT-chT2O 2223"]
[Site "Austria"]
[Date "2022.10.15"]
[Round "1.2"]
[White "Stanec, Nikolaus"]
[Black "Mazur, Stefan"]
[Result "1/2-1/2"]
[WhiteElo "2465"]
[BlackElo "2414"]
[PlyCount "120"]
[EventDate "2022.10.15"]
[EventType "team-tourn"]
[EventRounds "11"]
[EventCountry "AUT"]
[SourceTitle "EXT 2024"]
[Source "ChessBase"]
[SourceDate "2023.10.10"]
[SourceVersion "1"]
[SourceVersionDate "2023.10.10"]
[SourceQuality "1"]
[WhiteTeam "Donaustadt"]
[BlackTeam "Wien Austria"]
[WhiteTeamCountry "AUT"]
[BlackTeamCountry "AUT"]

1. d4 d5 2. c4 e5 3. dxe5 Ne7 4. Nf3 Nbc6 5. cxd5 Qxd5 6. Bd2 Nxe5 7. Nc3 Nxf3+ 8. exf3 Qe5+ 9. Be2 Ng6 10. f4 Qf5 11. Nb5 Bd6 12. Nxd6+ cxd6 13. 0-0 0-0 14. g3 Bd7 15. Bf3 Bc6 16. Bc3 Rfd8 17. Bxc6 bxc6 18. Qd4 f6 19. Rfe1 c5 20. Qe4 Qxe4 21. Rxe4 d5 22. Ra4 Nf8 23. Re1 Kf7 24. Ra6 Rdb8 25. b3 Rb6 26. Ra5 Nd7 27. Rd1 Ke6 28. f5+ Kd6 29. b4 a6 30. bxc5+ Nxc5 31. Rxc5 Kxc5 32. Bd4+ Kc6 33. Bxb6 Kxb6 34. Rxd5 Kc6 35. Rd2 Ra7 36. Rb2 Kd5 37. Kg2 Kc4 38. g4 a5 39. a4 Rd7 40. Rb5 Ra7 41. Kf3 Kd4 42. Kg3 Ke4 43. f3+ Ke3 44. f4 Ke4 45. Rb6 Rc7 46. Re6+ Kd5 47. Ra6 Ke4 48. Rxa5 Rc3+ 49. Kh4 Kxf4 50. Rb5 g5+ 51. fxg6 hxg6 52. Rb4+ Ke5 53. g5 f5 54. a5 Ra3 55. Rb5+ Kf4 56. Rb6 Kf3 57. a6 Kg2 58. Rb2+ Kf3 59. Rb6 Kg2 60. Rb2+ Kf3 1/2-1/2

[Event "Vienna State-ch"]
[Site "Vienna"]
[Date "2022.09.22"]
[Round "6"]
[White "Vitouch, Anatol"]
[Black "Stanec, Nikolaus"]
[Result "1/2-1/2"]
[WhiteElo "2252"]
[BlackElo "2458"]
[PlyCount "125"]
[EventDate "2022.09.17"]
[EventType "tourn"]
[EventRounds "9"]
[EventCountry "AUT"]
[EventCategory "5"]
[SourceTitle "CBM 210 Extra"]
[Source "ChessBase"]
[SourceDate "2022.11.30"]
[SourceVersion "1"]
[SourceVersionDate "2022.11.30"]
[SourceQuality "1"]

1. d4 c6 2. Nf3 Nf6 3. Bf4 Nh5 4. Bg5 h6 5. Bh4 g5 6. Bg3 Nxg3 7. hxg3 Bg7 8. c3 d5 9. e3 Nd7 10. Nbd2 e6 11. e4 Qe7 12. Bd3 b6 13. Qe2 a6 14. e5 c5 15. a3 c4 16. Bc2 b5 17. g4 Bb7 18. Nf1 0-0-0 19. Ng3 Kb8 20. Nh5 f6 21. exf6 Bxf6 22. 0-0 Rhe8 23. Nxf6 Qxf6 24. Rfe1 Qf4 25. Ne5 Nxe5 26. Qxe5+ Qxe5 27. Rxe5 Kc7 28. Rae1 Bc8 29. Bf5 Kd6 30. R1e3 Bd7 31. Bg6 Rf8 32. Rh3 Rh8 33. Rf3 Rdf8 34. Rxf8 Rxf8 35. f3 a5 36. Kf2 b4 37. axb4 axb4 38. Re2 Ra8 39. cxb4 Rb8 40. g3 Rxb4 41. f4 Ke7 42. Rd2 Kf6 43. Bh5 Ra4 44. Kg2 Ra1 45. Kf2 Ba4 46. Kg2 Rc1 47. Kf2 Bc2 48. Be8 Be4 49. Bb5 Ra1 50. Be8 Bd3 51. Bd7 Ke7 52. Bc8 Be4 53. f5 exf5 54. Bxf5 Bxf5 55. gxf5 h5 56. Re2+ Kf6 57. Re5 Ra5 58. g4 hxg4 59. Kg3 Ra1 60. Rxd5 Rg1+ 61. Kf2 Rb1 62. Rc5 Rxb2+ 63. Kg3 1/2-1/2

[Event "Vienna State-ch"]
[Site "Vienna"]
[Date "2022.09.19"]
[Round "3"]
[White "Stanec, Nikolaus"]
[Black "Kruckenhauser, Arthur"]
[Result "1-0"]
[WhiteElo "2458"]
[BlackElo "2289"]
[PlyCount "89"]
[EventDate "2022.09.17"]
[EventType "tourn"]
[EventRounds "9"]
[EventCountry "AUT"]
[EventCategory "5"]
[SourceTitle "CBM 210 Extra"]
[Source "ChessBase"]
[SourceDate "2022.11.30"]
[SourceVersion "1"]
[SourceVersionDate "2022.11.30"]
[SourceQuality "1"]

1. Nf3 c5 2. e4 d6 3. g3 Nf6 4. Nc3 Nc6 5. Bg2 g6 6. d3 Bg7 7. 0-0 0-0 8. h3 Rb8 9. a4 a6 10. Be3 e5 11. Ne2 b6 12. Nd2 d5 13. Bg5 d4 14. f4 Qc7 15. fxe5 Nd7 16. Nf4 Qxe5 17. Nf3 Qd6 18. Nd5 f6 19. Bf4 Nde5 20. c3 g5 21. Nxe5 Nxe5 22. Bxe5 Qxe5 23. Kh2 Kh8 24. c4 a5 25. Qh5 Be6 26. Rae1 Bf7 27. Qd1 Bg6 28. Bf3 h6 29. Bh5 Bh7 30. Bg4 Qd6 31. Bf5 Bg8 32. Qh5 Bf7 33. Bg6 Bg8 34. Rf5 Be6 35. Rf2 Rb7 36. Ref1 Qe5 37. h4 Kg8 38. hxg5 Bxd5 39. Rf5 Qe7 40. gxf6 Rxf6 41. Rxf6 Bxf6 42. cxd5 Kg7 43. Be8 Kf8 44. Bc6 Rb8 45. Qg6 1-0

[Event "Vienna State-ch"]
[Site "Vienna"]
[Date "2022.09.17"]
[Round "1"]
[White "Stanec, Nikolaus"]
[Black "Peyrer, Konstantin"]
[Result "1/2-1/2"]
[WhiteElo "2458"]
[BlackElo "2402"]
[PlyCount "29"]
[EventDate "2022.09.17"]
[EventType "tourn"]
[EventRounds "9"]
[EventCountry "AUT"]
[EventCategory "5"]
[SourceTitle "CBM 210 Extra"]
[Source "ChessBase"]
[SourceDate "2022.11.30"]
[SourceVersion "1"]
[SourceVersionDate "2022.11.30"]
[SourceQuality "1"]

1. e4 e5 2. Nf3 Nc6 3. Bb5 Nf6 4. 0-0 Nxe4 5. Re1 Nd6 6. Nxe5 Be7 7. Bf1 Nxe5 8. Rxe5 0-0 9. d4 Bf6 10. Re1 Re8 11. c3 Rxe1 12. Qxe1 Nf5 13. Nd2 d5 14. Nf3 Nd6 15. Bf4 1/2-1/2

[Event "AUT-ch"]
[Site "Vienna"]
[Date "2022.08.16"]
[Round "6"]
[White "Stanec, Nikolaus"]
[Black "Morgunov, Marc"]
[Result "1/2-1/2"]
[WhiteElo "2460"]
[BlackElo "2412"]
[PlyCount "77"]
[EventDate "2022.08.12"]
[EventType "swiss"]
[EventRounds "9"]
[EventCountry "AUT"]
[SourceTitle "CBM 209 Extra"]
[Source "ChessBase"]
[SourceDate "2022.09.30"]
[SourceVersion "1"]
[SourceVersionDate "2022.09.30"]
[SourceQuality "1"]

1. d4 Nf6 2. Nf3 g6 3. Bf4 Bg7 4. e3 0-0 5. Be2 d6 6. 0-0 c5 7. c3 Qb6 8. Nbd2 d5 9. Qb3 c4 10. Qxb6 axb6 11. b3 b5 12. a4 bxa4 13. bxc4 dxc4 14. Bxc4 Bf5 15. Ra3 Nbd7 16. Rfa1 Rfc8 17. Bb5 Nd5 18. c4 Nxf4 19. exf4 Nb6 20. c5 Nd5 21. g3 Rd8 22. Bc4 Bc2 23. Bxd5 Rxd5 24. R3a2 Rxd4 25. Nxd4 Bxd4 26. Rc1 Bd3 27. Nf3 Bf6 28. Ne5 Bb5 29. Rb1 Ra5 30. Rb4 Bxe5 31. fxe5 Bc6 32. Rc4 Rb5 33. Rc1 Rb4 34. f4 e6 35. Rcc2 h5 36. Rcb2 Rc4 37. Rc2 Rb4 38. Rcb2 Rc4 39. Rc2 1/2-1/2